[Event "Cesme op-A 11th"]
[Site "Izmir"]
[Date "2025.06.29"]
[Round "9"]
[White "Ammar, Sedrani"]
[Black "Tutuncu, Ali"]
[Result "1-0"]
[WhiteElo "2215"]
[BlackElo "2097"]
[PlyCount "89"]
[EventDate "2025.06.23"]
[EventType "swiss"]
[EventRounds "9"]
[EventCountry "TUR"]
[SourceTitle "CB27_2025"]
[SourceDate "2025.07.02"]
[SourceVersion "1"]
[SourceVersionDate "2025.07.02"]
[SourceQuality "1"]

1. e4 g6 2. d4 Bg7 3. Nc3 a6 4. a4 d6 5. Nf3 b6 6. Bc4 e6 7. 0-0 Ne7 8. Be3 h6 9. Qd2 g5 10. h3 Bb7 11. Nh2 d5 12. exd5 Nxd5 13. Nxd5 Bxd5 14. Bd3 Bb7 15. f4 Qd5 16. fxg5 hxg5 17. c3 Nc6 18. Bxg5 Nxd4 19. cxd4 Bxd4+ 20. Kh1 Rxh3 21. Ra3 Rh5 22. Bf4 0-0-0 23. Qe2 Be5 24. Bxe5 Rxe5 25. Qf3 Qa5 26. Qxf7 Qd2 27. Rf2 Qg5 28. Rc3 c5 29. Kg1 Rh8 30. Bf1 Re1 31. a5 b5 32. Nf3 Qh6 33. Rxc5+ Kb8 34. Qc7+ Ka8 35. Qh2 Qg7 36. Rh5 Rxf1+ 37. Rxf1 Rf8 38. Qe5 Qg4 39. Rh8 Rg8 40. Rxg8+ Qxg8 41. Qe3 b4 42. Rd1 e5 43. Qb6 Bd5 44. Qxa6+ Kb8 45. Qd6+ 1-0

[Event "Cesme op-A 11th"]
[Site "Izmir"]
[Date "2025.06.26"]
[Round "6"]
[White "Tutuncu, Ali"]
[Black "Ramirez Garcia, Jorge Alberto"]
[Result "1/2-1/2"]
[WhiteElo "2097"]
[BlackElo "2227"]
[PlyCount "188"]
[EventDate "2025.06.23"]
[EventType "swiss"]
[EventRounds "9"]
[EventCountry "TUR"]
[SourceTitle "CB27_2025"]
[SourceDate "2025.07.02"]
[SourceVersion "1"]
[SourceVersionDate "2025.07.02"]
[SourceQuality "1"]

1. e4 e6 2. d4 d5 3. Nd2 dxe4 4. Nxe4 Nd7 5. Nf3 Ngf6 6. Nxf6+ Nxf6 7. Be2 c5 8. 0-0 cxd4 9. Nxd4 Bc5 10. Nb3 Bd6 11. Bg5 Qc7 12. h3 Bd7 13. Bf3 Bh2+ 14. Kh1 Be5 15. c3 h6 16. Be3 Bc6 17. Bc5 Rd8 18. Qe2 Bxf3 19. Qxf3 Rd5 20. Ba3 Bd6 21. c4 Rh5 22. Bxd6 Qxd6 23. Qxb7 0-0 24. Qf3 Qe5 25. Rab1 Rc8 26. c5 Rf5 27. Qb7 Rc7 28. Qb8+ Kh7 29. Rbe1 Qf4 30. Re3 Nd5 31. Rf3 Qc4 32. Rc1 Qe4 33. Rxf5 Qxf5 34. Kg1 Qe5 35. Rd1 Nf4 36. Qb4 Qg5 37. Qe4+ f5 38. Qf3 e5 39. Kh2 e4 40. Qg3 Qxg3+ 41. Kxg3 Nd3 42. Rd2 g5 43. h4 Kg6 44. hxg5 hxg5 45. Kh2 f4 46. Rc2 Kf5 47. c6 Ke5 48. Na5 e3 49. fxe3 fxe3 50. Nc4+ Kd4 51. Nd6 Nb4 52. Nb5+ Kd3 53. Rc3+ Kd2 54. Rxe3 Rxc6 55. Re5 Nxa2 56. Nxa7 Rb6 57. Nb5 Nc1 58. Rxg5 Nd3 59. b3 Nc1 60. Rd5+ Ke3 61. Rh5 Ke4 62. b4 Nd3 63. Rh4+ Ke5 64. Rh5+ Kf4 65. g3+ Ke3 66. Na3 Kd4 67. Rh4+ Kc3 68. b5 Kb3 69. Nc4 Rxb5 70. Nd2+ Kc2 71. Nf3 Rb8 72. g4 Nf2 73. Kg3 Nxg4 74. Rxg4 Rf8 75. Ne5 Kc3 76. Nf3 Kd3 77. Kf2 Rf7 78. Rd4+ Kc3 79. Rd5 Kc4 80. Re5 Kd3 81. Re3+ Kc4 82. Ke2 Kd5 83. Kd3 Ra7 84. Re5+ Kd6 85. Rh5 Ra3+ 86. Ke4 Ra1 87. Rd5+ Kc7 88. Rb5 Kd6 89. Rd5+ Kc7 90. Rh5 Kd6 91. Rh2 Rb1 92. Rd2+ Kc7 93. Nd4 Kd6 94. Rc2 Re1+ 1/2-1/2

[Event "Cesme op-A 11th"]
[Site "Izmir"]
[Date "2025.06.24"]
[Round "2"]
[White "Tutuncu, Ali"]
[Black "Durucay, Uygar"]
[Result "0-1"]
[WhiteElo "2097"]
[BlackElo "2125"]
[PlyCount "92"]
[EventDate "2025.06.23"]
[EventType "swiss"]
[EventRounds "9"]
[EventCountry "TUR"]
[SourceTitle "CB27_2025"]
[SourceDate "2025.07.02"]
[SourceVersion "1"]
[SourceVersionDate "2025.07.02"]
[SourceQuality "1"]

1. e4 c6 2. Nf3 d5 3. d3 Qc7 4. Nc3 dxe4 5. dxe4 e5 6. Bc4 b5 7. Bb3 h6 8. Qe2 Nf6 9. a4 b4 10. Nd1 Nbd7 11. Ne3 Nc5 12. Nc4 Bd6 13. Be3 Nxb3 14. cxb3 Be6 15. 0-0-0 Nxe4 16. Nxd6+ Nxd6 17. Bc5 Nb7 18. Bxb4 c5 19. Bc3 f6 20. Qa6 Kf7 21. Rhe1 Rhe8 22. Nd2 Bd5 23. Ne4 Re6 24. Qb5 Rd8 25. a5 Bxe4 26. Rxd8 Bc6 27. Qc4 Qxd8 28. Rd1 Qe8 29. f4 exf4 30. a6 Bb5 31. Qxf4 Bxa6 32. g4 Kg8 33. h4 Re4 34. Qc7 Rxg4 35. Re1 Qg6 36. Qc8+ Kh7 37. Re8 Rg1+ 38. Be1 Qd3 39. Rh8+ Kg6 40. Qe8+ Kf5 41. Qc8+ Kf4 42. Re8 Rg2 43. Qc7+ Nd6 44. Qxc5 Nxe8 45. Qb4+ Qe4 46. Qb8+ Kf5 0-1

[Event "Mugla 18 March Martyrs op"]
[Site "Mugla"]
[Date "2025.03.15"]
[Round "3"]
[White "Tutuncu, Ali"]
[Black "Torun, Kagan"]
[Result "1-0"]
[WhiteElo "2097"]
[BlackElo "1931"]
[PlyCount "79"]
[EventDate "2025.03.15"]
[EventType "swiss"]
[EventRounds "7"]
[EventCountry "TUR"]
[SourceTitle "CB12_2025"]
[SourceDate "2025.03.19"]
[SourceVersion "1"]
[SourceVersionDate "2025.03.19"]
[SourceQuality "1"]

1. e4 c5 2. Nc3 Nc6 3. g3 g6 4. Bg2 Bg7 5. d3 e6 6. Be3 Nd4 7. Qd2 Qa5 8. f4 Ne7 9. g4 d6 10. Nf3 b5 11. 0-0 b4 12. Nd1 Bb7 13. Qf2 Nec6 14. f5 gxf5 15. exf5 0-0-0 16. Ng5 Rd7 17. Ne4 h5 18. f6 Bf8 19. g5 d5 20. Nd2 Qc7 21. Rc1 Bd6 22. Bh3 Ne5 23. g6 Nxg6 24. c3 bxc3 25. Nxc3 Nc6 26. Nb5 Qb8 27. Bxc5 Bxc5 28. Qxc5 Kd8 29. Rce1 a6 30. Qb6+ Kc8 31. Nd4 Qa7 32. Qxa7 Nxa7 33. Nxe6 fxe6 34. Bxe6 Kd8 35. Bxd7 Kxd7 36. Nb3 Bc6 37. f7 Nf8 38. Rf6 Nc8 39. Nc5+ Kc7 40. Re8 1-0

[Event "Mugla 18 March Martyrs op"]
[Site "Mugla"]
[Date "2025.03.15"]
[Round "1"]
[White "Tutuncu, Ali"]
[Black "Turunz, Dilek"]
[Result "1-0"]
[WhiteElo "2097"]
[BlackElo "1656"]
[PlyCount "93"]
[EventDate "2025.03.15"]
[EventType "swiss"]
[EventRounds "7"]
[EventCountry "TUR"]
[SourceTitle "CB12_2025"]
[SourceDate "2025.03.19"]
[SourceVersion "1"]
[SourceVersionDate "2025.03.19"]
[SourceQuality "1"]

1. e4 c5 2. Nc3 Nc6 3. g3 g6 4. Bg2 Bg7 5. d3 d6 6. Be3 Nf6 7. h3 a6 8. Qd2 0-0 9. Bh6 Nd4 10. Rc1 Qa5 11. h4 Rb8 12. f3 Qb4 13. h5 Bxh6 14. Qxh6 g5 15. Qxg5+ Kh8 16. Qd2 Qxb2 17. g4 Rg8 18. Nge2 Nxe2 19. Nxe2 Qxa2 20. g5 Nd7 21. Qc3+ e5 22. Bh3 Qa4 23. g6 fxg6 24. hxg6 Rxg6 25. Bf5 Rg7 26. Qd2 Nf8 27. Qh6 Qc6 28. Ng3 Qc7 29. Nh5 Rf7 30. Nf6 Bxf5 31. exf5 Qd8 32. Ne4 Rxf5 33. Rg1 Qe7 34. Nxd6 Rf6 35. Qg5 Ng6 36. Ne4 Rf7 37. Qe3 b6 38. Kd2 Qd7 39. Rxg6 Rg7 40. Rxg7 Qxg7 41. Rg1 Qe7 42. Qh6 Rf8 43. Qxb6 Rxf3 44. Qxc5 Qxc5 45. Nxc5 Rf2+ 46. Kc3 Rf6 47. Re1 1-0

[Event "TUR Cup"]
[Site "Denizli"]
[Date "2024.08.02"]
[Round "6"]
[White "Tufan, Kerem"]
[Black "Tutuncu, Ali"]
[Result "0-1"]
[WhiteElo "1783"]
[BlackElo "2041"]
[PlyCount "70"]
[EventDate "2024.07.30"]
[EventType "swiss"]
[EventRounds "11"]
[EventCountry "TUR"]
[SourceTitle "EXT 2025"]
[Source "ChessBase"]
[SourceDate "2024.10.14"]
[SourceVersion "1"]
[SourceVersionDate "2024.10.14"]
[SourceQuality "1"]

1. e4 g6 2. d4 Bg7 3. Nc3 d6 4. Be3 a6 5. Qd2 b5 6. h4 h6 7. h5 g5 8. Nge2 e6 9. Ng3 Ne7 10. Bd3 Nd7 11. Nce2 Bb7 12. a4 bxa4 13. Rxa4 c5 14. c3 cxd4 15. cxd4 Nb6 16. Ra3 d5 17. exd5 Nexd5 18. 0-0 0-0 19. f4 gxf4 20. Bxf4 Nxf4 21. Qxf4 f5 22. Bb1 Qd5 23. Qf2 Nc4 24. Ba2 f4 25. Ne4 Qxe4 26. Bxc4 Rad8 27. Qf3 Bxd4+ 28. Kh1 Qxf3 29. Bxe6+ Kh8 30. gxf3 Be3 31. Bc4 Rf5 32. Raa1 Rxh5+ 33. Kg2 Rd7 34. Nxf4 Rg7+ 35. Ng6+ Rxg6# 0-1

[Event "TUR-chT 2nd League"]
[Site "Denizli"]
[Date "2024.07.15"]
[Round "1.4"]
[White "Eminov, Orkhan"]
[Black "Tutuncu, Ali"]
[Result "1-0"]
[WhiteElo "2223"]
[BlackElo "1884"]
[PlyCount "95"]
[EventDate "2024.07.15"]
[EventType "team-swiss"]
[EventRounds "9"]
[EventCountry "TUR"]
[SourceTitle "EXT 2025"]
[Source "ChessBase"]
[SourceDate "2024.10.14"]
[SourceVersion "1"]
[SourceVersionDate "2024.10.14"]
[SourceQuality "1"]
[WhiteTeam "Resul Caner"]
[BlackTeam "Denizli Gelisim"]
[WhiteTeamCountry "TUR"]
[BlackTeamCountry "TUR"]

1. e4 g6 2. d4 Bg7 3. Nc3 d6 4. Bg5 a6 5. Bc4 b5 6. Bb3 Bb7 7. Nf3 h6 8. Bh4 Nd7 9. 0-0 g5 10. Bg3 e6 11. a3 Ne7 12. h4 Ng6 13. h5 Nf4 14. Bxf4 gxf4 15. d5 e5 16. a4 b4 17. Na2 a5 18. c3 Ba6 19. Re1 Nc5 20. cxb4 Nd3 21. Re2 Nxb4 22. Nxb4 Bxe2 23. Qxe2 axb4 24. a5 0-0 25. Ne1 f5 26. Bc2 Re8 27. a6 Qb8 28. Nf3 Bf6 29. Nd2 Kf7 30. Bd3 Rg8 31. exf5 Rg7 32. Rc1 Qa7 33. b3 Rag8 34. Be4 Ra8 35. Rc6 Rb8 36. Qc4 Kg8 37. Bf3 Bh4 38. Ne4 Rf7 39. Bg4 Kh8 40. f6 Rg8 41. Be6 f3 42. g4 Rg5 43. Kf1 Rf8 44. Rxc7 Qb6 45. Rc8 Rxc8 46. Qxc8+ Kh7 47. Nxg5+ hxg5 48. Qg8+ 1-0

[Event "Umraniye White Elephant 32nd"]
[Site "Umraniye"]
[Date "2023.10.29"]
[Round "6"]
[White "Kurt, Ozgur Toprak"]
[Black "Tutuncu, Ali"]
[Result "1-0"]
[WhiteElo "2038"]
[BlackElo "1869"]
[PlyCount "209"]
[EventDate "2023.10.25"]
[EventType "swiss"]
[EventRounds "7"]
[EventCountry "TUR"]
[SourceTitle "CBM 216 Extra"]
[Source "ChessBase"]
[SourceDate "2023.11.30"]
[SourceVersion "1"]
[SourceVersionDate "2023.11.30"]
[SourceQuality "1"]

1. d4 g6 2. c4 Bg7 3. Nc3 d6 4. e4 Nf6 5. Be2 0-0 6. Bg5 Na6 7. f4 c5 8. d5 Qa5 9. Qd2 Nb4 10. Nf3 Ng4 11. 0-0 f5 12. h3 Nf6 13. a3 fxe4 14. axb4 Qd8 15. Ne1 cxb4 16. Na2 a5 17. Bh4 Nd7 18. Bf2 Nc5 19. Nc1 Qb6 20. Bd1 e5 21. Ne2 Bh6 22. Be3 exf4 23. Nxf4 Bxf4 24. Rxf4 Rxf4 25. Bxf4 Nb3+ 26. Be3 Nxd2 27. Bxb6 Nxc4 28. Bd4 Bd7 29. Bc2 b5 30. Bxe4 a4 31. Bd3 Nd2 32. Bc2 a3 33. b3 Bf5 34. Be3 Bxc2 35. Bxd2 Bxb3 36. Bxb4 a2 37. Bxd6 Bxd5 38. Nc2 Ra6 39. Be5 Re6 40. Re1 b4 41. Ba1 Rb6 42. Ne3 Be6 43. Kf2 b3 44. Bb2 Rc6 45. Ke2 Bf5 46. Rd1 Rc8 47. Kd2 Bc2 48. Rc1 Rd8+ 49. Ke2 Bd3+ 50. Ke1 Re8 51. Kd2 Rd8 52. Rc7 g5 53. Kc3 Be4 54. Ng4 Rd3+ 55. Kc4 Rd2 56. Nf6+ Kh8 57. Kxb3 Bb1 58. Ba1 Rxg2 59. Be5 Rg3+ 60. Kb4 Re3 61. Ba1 Rxh3 62. Rd7 Rh4+ 63. Kb5 Rh3 64. Nxh7+ Kg8 65. Rg7+ Kh8 66. Nf8 Bd3+ 67. Ka5 Rh1 68. Rh7+ Kg8 69. Rxh1 Kxf8 70. Rg1 Bb1 71. Rxg5 Ke7 72. Kb4 Kd6 73. Kc4 Ke6 74. Kd4 Kd6 75. Rh5 Kc6 76. Kc4 Kd6 77. Rh6+ Ke7 78. Kd5 Kf7 79. Rb6 Bc2 80. Ke5 Bb1 81. Rb7+ Kg6 82. Kf4 Bc2 83. Rg7+ Kh6 84. Rg2 Bb1 85. Rg5 Bc2 86. Rg8 Bb1 87. Ke5 Kh5 88. Rg2 Kh6 89. Kf6 Kh5 90. Bc3 Kh4 91. Ke5 Kh5 92. Kf4 Kh6 93. Rg8 Kh5 94. Ra8 Kh6 95. Ra6+ Kh7 96. Kg5 Kg8 97. Kf6 Kh7 98. Bd2 Kg8 99. Bh6 Kh7 100. Bg7 Bg6 101. Rxa2 Bh5 102. Ra8 Be8 103. Rb8 Kg8 104. Rxe8+ Kh7 105. Rh8# 1-0

[Event "Ayvalik Kiraz"]
[Site "Ayvalik"]
[Date "2023.10.19"]
[Round "2"]
[White "Tutuncu, Ali"]
[Black "Maksimovic, Branimir"]
[Result "0-1"]
[WhiteElo "1869"]
[BlackElo "2142"]
[PlyCount "106"]
[EventDate "2023.10.19"]
[EventType "tourn"]
[EventRounds "9"]
[EventCountry "TUR"]
[SourceTitle "CBM 216 Extra"]
[Source "ChessBase"]
[SourceDate "2023.11.30"]
[SourceVersion "1"]
[SourceVersionDate "2023.11.30"]
[SourceQuality "1"]

1. e4 e6 2. d4 d5 3. Nd2 Be7 4. e5 c5 5. c3 Nc6 6. Ndf3 cxd4 7. cxd4 Bb4+ 8. Bd2 Qb6 9. Rc1 Bd7 10. Bc3 Nge7 11. a3 Bxc3+ 12. bxc3 Na5 13. Nh3 Rc8 14. Bd3 Nc4 15. Bxc4 Rxc4 16. 0-0 Ng6 17. Rb1 Qc7 18. Qb3 b6 19. Rfc1 0-0 20. Nd2 Rc6 21. Rb2 Rc8 22. Rbc2 Qd8 23. c4 Qh4 24. Qe3 Ne7 25. Nf3 Qg4 26. Nf4 Rxc4 27. Rxc4 Rxc4 28. h3 Qf5 29. g4 Qe4 30. Rxc4 Qxe3 31. Rc8+ Bxc8 32. fxe3 Ba6 33. Nd2 Nc6 34. Kf2 Na5 35. e4 Nc4 36. Nxc4 Bxc4 37. Ke3 b5 38. exd5 Bxd5 39. Kd2 a5 40. Kc3 g5 41. Nh5 Bg2 42. Nf6+ Kg7 43. Ne8+ Kf8 44. Nd6 Bxh3 45. Ne4 Bxg4 46. Nxg5 Bf5 47. a4 b4+ 48. Kb3 h5 49. Nf3 Be4 50. Nh4 Kg7 51. Kc4 Kh6 52. d5 Bxd5+ 53. Kd4 Kg5 0-1

[Event "TUR-ch U13/18"]
[Site "Antalya"]
[Date "2023.01.24"]
[Round "4"]
[White "Taspinar, Yanki"]
[Black "Tutuncu, Ali"]
[Result "1/2-1/2"]
[WhiteElo "2275"]
[BlackElo "1728"]
[PlyCount "52"]
[EventDate "2023.01.17"]
[EventType "swiss"]
[EventRounds "10"]
[EventCountry "TUR"]
[SourceTitle "EXT 2024"]
[Source "ChessBase"]
[SourceDate "2023.10.10"]
[SourceVersion "1"]
[SourceVersionDate "2023.10.10"]
[SourceQuality "1"]

1. d4 d5 2. c4 dxc4 3. Nf3 Nf6 4. e3 e6 5. Bxc4 a6 6. 0-0 c5 7. Qe2 Nc6 8. Rd1 Qc7 9. Bb3 Be7 10. Nc3 b5 11. Bd2 0-0 12. Rac1 c4 13. Bc2 e5 14. a4 Rb8 15. axb5 axb5 16. Nxb5 Rxb5 17. Qxc4 Ba6 18. Ba4 Rb6 19. Qc2 e4 20. Ne5 Bd3 21. Nxd3 exd3 22. Qc4 Ne4 23. Bxc6 Nxf2 24. Rf1 Ng4 25. g3 Bg5 26. Rf3 Qd6 1/2-1/2

[Event "TUR-ch Youth"]
[Site "Denizli"]
[Date "2022.05.29"]
[Round "9"]
[White "Tutuncu, Ali"]
[Black "Boz, Omer Ege"]
[Result "0-1"]
[WhiteElo "1691"]
[BlackElo "1358"]
[PlyCount "130"]
[EventDate "2022.05.24"]
[EventType "swiss"]
[EventRounds "9"]
[EventCountry "TUR"]
[SourceTitle "EXT 2023"]
[Source "ChessBase"]
[SourceDate "2022.10.05"]
[SourceVersion "1"]
[SourceVersionDate "2022.10.05"]
[SourceQuality "1"]

1. e4 c5 2. Nc3 a6 3. g3 b5 4. Bg2 Bb7 5. d3 e6 6. f4 d5 7. Nh3 d4 8. Ne2 h5 9. 0-0 Be7 10. f5 e5 11. c3 Nf6 12. Bd2 dxc3 13. Bxc3 Ng4 14. Rf3 Nc6 15. Qb3 Qb6 16. Kh1 Rd8 17. Qc2 c4 18. dxc4 b4 19. Bd2 Nd4 20. Nxd4 Qxd4 21. Qa4+ Qd7 22. Qxd7+ Rxd7 23. Be1 Bxe4 24. Rb3 Bxg2+ 25. Kxg2 a5 26. Nf2 Bc5 27. Ne4 Bd4 28. Bd2 Nf6 29. Re1 Nxe4 30. Rxe4 0-0 31. Be3 Rc8 32. Bxd4 exd4 33. Rd3 Rxc4 34. b3 Rc2+ 35. Kh3 Rxa2 36. Rexd4 Rc7 37. Rd8+ Kh7 38. Kh4 Rxh2+ 39. Kg5 f6+ 40. Kf4 Rf2+ 41. Ke4 Re7+ 42. Kd5 Rxf5+ 43. Kd6 Rf2 44. Kd5 Rf5+ 45. Kd6 Ree5 46. Rd7 Re4 47. Kc7 Rg4 48. Kd8 Rfg5 49. Ke8 Rxg3 50. R3d6 Rxb3 51. Rxf6 Rbg3 52. Rb6 Re3+ 53. Kd8 Ree5 54. Kc7 Rc5+ 55. Kb8 Rb5 56. Rbb7 Rxb7+ 57. Rxb7 h4 58. Rf7 Rh5 59. Rf2 h3 60. Rh2 b3 61. Ka7 a4 62. Ka8 a3 63. Ka7 a2 64. Rh1 b2 65. Rg1 a1Q+ 0-1

[Event "TUR-ch Youth"]
[Site "Denizli"]
[Date "2022.05.24"]
[Round "1"]
[White "Tutuncu, Ali"]
[Black "Gokoz, Bahadir"]
[Result "1-0"]
[WhiteElo "1691"]
[BlackElo "1398"]
[PlyCount "67"]
[EventDate "2022.05.24"]
[EventType "swiss"]
[EventRounds "9"]
[EventCountry "TUR"]
[SourceTitle "EXT 2023"]
[Source "ChessBase"]
[SourceDate "2022.10.05"]
[SourceVersion "1"]
[SourceVersionDate "2022.10.05"]
[SourceQuality "1"]

1. e4 c5 2. Nc3 d6 3. g3 Nf6 4. Bg2 g6 5. d3 Bg7 6. h3 Nc6 7. Be3 Bd7 8. Qd2 Nd4 9. Nd1 0-0 10. c3 Ne6 11. f4 Ne8 12. Ne2 Bc6 13. 0-0 f5 14. g4 fxg4 15. hxg4 Nf6 16. f5 Nc7 17. Bf3 Bd7 18. Bh6 Rf7 19. Rf2 Qf8 20. Rh2 Bb5 21. c4 Bc6 22. Qg5 Nd7 23. Bg2 Ne5 24. Nf2 Ne8 25. Nf4 Bxh6 26. Rxh6 Bd7 27. Rf1 Ng7 28. Qh4 Ne8 29. N2h3 Nxg4 30. fxg6 Nxh6 31. gxf7+ Nxf7 32. Nd5 e6 33. Ne7+ Kg7 34. Ng5 1-0

[Event "TUR-ch U13-U18"]
[Site "Antalya"]
[Date "2020.01.23"]
[Round "8"]
[White "Tutuncu, Ali"]
[Black "Ince, Taylan Ruzgar"]
[Result "0-1"]
[WhiteElo "1705"]
[BlackElo "1704"]
[PlyCount "52"]
[EventDate "2020.01.19"]
[EventType "swiss"]
[EventRounds "11"]
[EventCountry "TUR"]
[SourceTitle "CBM 195 Extra"]
[Source "ChessBase"]
[SourceDate "2020.05.31"]
[SourceVersion "1"]
[SourceVersionDate "2020.05.31"]
[SourceQuality "1"]

1. e4 e6 2. d4 d5 3. Nd2 Nc6 4. Ngf3 Nf6 5. e5 Nd7 6. Be2 f6 7. exf6 Qxf6 8. Nf1 Bd6 9. Ne3 0-0 10. 0-0 Nb6 11. c4 dxc4 12. Nxc4 Nxc4 13. Bxc4 Kh8 14. Bg5 Qg6 15. Bh4 e5 16. Bg3 exd4 17. Nxd4 Bxg3 18. fxg3 Bg4 19. Qd2 Rfd8 20. Rf4 Nxd4 21. Raf1 Nf3+ 22. R4xf3 Bxf3 23. Qf2 Bc6 24. Bf7 Qd6 25. Qf5 Rf8 26. Qh5 Be8 0-1

[Event "TUR-ch U13-U18"]
[Site "Antalya"]
[Date "2020.01.21"]
[Round "4"]
[White "Tutuncu, Ali"]
[Black "Atik, Muhammed Ihsan"]
[Result "0-1"]
[WhiteElo "1705"]
[BlackElo "1585"]
[PlyCount "70"]
[EventDate "2020.01.19"]
[EventType "swiss"]
[EventRounds "11"]
[EventCountry "TUR"]
[SourceTitle "CBM 195 Extra"]
[Source "ChessBase"]
[SourceDate "2020.05.31"]
[SourceVersion "1"]
[SourceVersionDate "2020.05.31"]
[SourceQuality "1"]

1. e4 c5 2. Nc3 d6 3. g3 g6 4. Bg2 Bg7 5. d3 Nc6 6. f4 e6 7. Nf3 Rb8 8. 0-0 Nge7 9. Be3 Nd4 10. Qd2 0-0 11. Nd1 b5 12. c3 Nxf3+ 13. Bxf3 b4 14. e5 Ba6 15. Nf2 bxc3 16. bxc3 Nf5 17. Rfd1 Qa5 18. Ne4 Nxe3 19. Qxe3 dxe5 20. Qxc5 Rb5 21. Qxa7 exf4 22. gxf4 Rf5 23. Kg2 Rxf4 24. Nc5 Bxc3 25. Kg3 Be5 26. Nxa6 Ra4+ 27. Kh3 Bxa1 28. Rxa1 Qxa6 29. Qd7 Rxa2 30. Rf1 Qa7 31. Qd6 Qb8 32. Qd4 Qxh2+ 33. Kg4 f5+ 34. Kg5 Qg3+ 35. Kh6 Rh2+ 0-1

[Event "TUR-chT 2nd League"]
[Site "Konya"]
[Date "2019.07.22"]
[Round "1.1"]
[White "Aydogdu, Cagatay"]
[Black "Tutuncu, Ali"]
[Result "1-0"]
[WhiteElo "1845"]
[BlackElo "1783"]
[PlyCount "77"]
[EventDate "2019.07.22"]
[EventType "team-swiss"]
[EventRounds "9"]
[EventCountry "TUR"]
[SourceTitle "CBM 191 Extra"]
[Source "ChessBase"]
[SourceDate "2019.09.30"]
[SourceVersion "1"]
[SourceVersionDate "2019.09.30"]
[SourceQuality "1"]
[WhiteTeam "Marmara Universitesi"]
[BlackTeam "Apaydin Satranc Spor"]
[WhiteTeamCountry "TUR"]
[BlackTeamCountry "TUR"]

1. e4 g6 2. d4 Bg7 3. Nf3 d6 4. h3 Nf6 5. Bd3 c5 6. dxc5 Qa5+ 7. Nc3 Qxc5 8. Be3 Qa5 9. 0-0 0-0 10. a3 a6 11. Qd2 Nc6 12. b4 Qc7 13. Rac1 b5 14. Nd5 Qb7 15. c4 bxc4 16. Nxf6+ Bxf6 17. Bxc4 Qd7 18. b5 Ne5 19. Nxe5 Bxe5 20. Bd5 Rb8 21. f4 Bg7 22. b6 e6 23. Bc6 Qe7 24. e5 Rd8 25. Rfd1 Bf8 26. Bc5 Bb7 27. Bxd6 Qh4 28. Qe3 Qh5 29. g4 Qh4 30. Bxb8 Rxd1+ 31. Rxd1 Bc5 32. Qxc5 Qg3+ 33. Kf1 Qxh3+ 34. Ke1 Qg3+ 35. Kd2 Qh2+ 36. Kc3 Qg3+ 37. Kb2 Qh2+ 38. Ka1 Bxc6 39. Rd8+ 1-0

[Event "World School-ch U13"]
[Site "Antalya"]
[Date "2019.04.23"]
[Round "6"]
[White "Tutuncu, Ali"]
[Black "Amilal, Munkhdalai"]
[Result "0-1"]
[WhiteElo "1773"]
[BlackElo "2042"]
[PlyCount "108"]
[EventDate "2019.04.18"]
[EventType "swiss"]
[EventRounds "9"]
[EventCountry "TUR"]
[SourceTitle "CBM 190 Extra"]
[Source "ChessBase"]
[SourceDate "2019.07.15"]
[SourceVersion "1"]
[SourceVersionDate "2019.07.15"]
[SourceQuality "1"]

1. e4 c5 2. Nc3 Nc6 3. g3 d6 4. Bg2 g6 5. d3 Bg7 6. Be3 Nf6 7. h3 Rb8 8. Qd2 Nd7 9. Nge2 b5 10. 0-0 b4 11. Nd1 Qc7 12. Bh6 0-0 13. Bxg7 Kxg7 14. f4 a5 15. Ne3 Qd8 16. g4 Nd4 17. Ng3 e5 18. f5 Kh8 19. c3 Nb5 20. Nd5 Qh4 21. f6 Bb7 22. Ne7 Nc7 23. Qe3 Ne6 24. Rad1 Nf4 25. Ne2 Qxf6 26. Nd5 Bxd5 27. exd5 Nxe2+ 28. Qxe2 Qg5 29. Rf2 f5 30. Rdf1 Rf6 31. d4 bxc3 32. bxc3 fxg4 33. Rxf6 Nxf6 34. dxe5 gxh3 35. exf6 Rf8 36. Kh2 hxg2 37. Qxg2 Qxg2+ 38. Kxg2 Kg8 39. Rf4 Kf7 40. Kf3 Re8 41. Rh4 h5 42. Ra4 Ra8 43. Re4 Re8 44. Ra4 Kxf6 45. Rxa5 Ke5 46. c4 Rf8+ 47. Kg3 Rf4 48. Ra4 g5 49. a3 h4+ 50. Kh3 Rf3+ 51. Kg4 Rg3+ 52. Kh5 h3 53. Ra8 h2 54. Re8+ Kd4 0-1

[Event "World School-ch U13"]
[Site "Antalya"]
[Date "2019.04.22"]
[Round "5"]
[White "Tutuncu, Ali"]
[Black "Tarhan, Adar"]
[Result "1-0"]
[WhiteElo "1773"]
[BlackElo "1962"]
[PlyCount "73"]
[EventDate "2019.04.18"]
[EventType "swiss"]
[EventRounds "9"]
[EventCountry "TUR"]
[SourceTitle "CBM 190 Extra"]
[Source "ChessBase"]
[SourceDate "2019.07.15"]
[SourceVersion "1"]
[SourceVersionDate "2019.07.15"]
[SourceQuality "1"]

1. e4 e5 2. Nf3 Nc6 3. Nc3 Nf6 4. g3 Bc5 5. Bg2 d6 6. d3 a6 7. 0-0 Be6 8. Be3 Ng4 9. Bxc5 dxc5 10. h3 Nf6 11. Ng5 Bc8 12. f4 0-0 13. Kh2 h6 14. Nf3 exf4 15. gxf4 Nh5 16. Nd5 Be6 17. c4 Bxd5 18. cxd5 Ne7 19. Ne5 Nxf4 20. Rxf4 Qd6 21. d4 cxd4 22. Nd3 Ng6 23. e5 Nxe5 24. Nxe5 Qxe5 25. Qxd4 Qd6 26. Kh1 c5 27. dxc6 Qc7 28. cxb7 Rad8 29. Qc4 Qe5 30. Raf1 Rd7 31. Qc3 Qe2 32. R4f2 Qh5 33. Qc6 Re7 34. Qd6 Qh4 35. b8Q Rxb8 36. Qxb8+ Kh7 37. Qf4 1-0

[Event "Izmir op 17th"]
[Site "Izmir"]
[Date "2018.09.11"]
[Round "4"]
[White "Tutuncu, Ali"]
[Black "Guseynov, Alihan"]
[Result "0-1"]
[WhiteElo "1644"]
[BlackElo "2297"]
[PlyCount "101"]
[EventDate "2018.09.09"]
[EventType "swiss"]
[EventRounds "9"]
[EventCountry "TUR"]
[SourceTitle "CBM 186 Extra"]
[Source "ChessBase"]
[SourceDate "2018.08.24"]
[SourceVersion "1"]
[SourceVersionDate "2018.08.24"]
[SourceQuality "1"]

1. e4 c6 2. d4 g6 3. Nc3 d5 4. h3 Bg7 5. Nf3 Nh6 6. Bd3 0-0 7. 0-0 f6 8. Ne2 Na6 9. a3 e6 10. Re1 Nc7 11. c4 dxe4 12. Bxe4 Nf7 13. Bd2 c5 14. Bc3 f5 15. Bb1 cxd4 16. Nexd4 e5 17. Nb3 e4 18. Nfd4 Ne5 19. Nb5 Ne6 20. Qd5 Qxd5 21. cxd5 Nf4 22. d6 Ned3 23. Bxd3 Nxd3 24. Bxg7 Kxg7 25. Re2 Bd7 26. Nc7 Rad8 27. Na5 Rf6 28. Nd5 Re6 29. Rd1 Rxd6 30. Nxb7 Ba4 31. b3 Bxb3 32. Rb1 Bxd5 33. Nxd6 Rxd6 34. Rc2 Ra6 35. Rc7+ Kf6 36. Rd7 Be6 37. Rxh7 Rxa3 38. Rh8 Ra2 39. f3 e3 40. Rd8 Nf4 41. Rb7 Rxg2+ 42. Kh1 e2 43. Rf8+ Kg5 44. Rb1 Rg3 45. Re1 Bd5 46. h4+ Kxh4 47. Rh8+ Kg5 48. Kh2 Rg2+ 49. Kh1 Bxf3 50. Ra1 Nd3 51. Rh5+ 0-1

[Event "TUR-chT2"]
[Site "Konya"]
[Date "2017.07.15"]
[Round "9.6"]
[White "Tutuncu, Ali"]
[Black "Senyuz, Mustafa Zorbey"]
[Result "1/2-1/2"]
[WhiteElo "1484"]
[BlackElo "1632"]
[PlyCount "75"]
[EventDate "2017.07.09"]
[EventType "team-swiss"]
[EventRounds "9"]
[EventCountry "TUR"]
[SourceTitle "CBM 179 Extra"]
[Source "ChessBase"]
[SourceDate "2017.08.23"]
[SourceVersion "1"]
[SourceVersionDate "2017.08.23"]
[SourceQuality "1"]
[WhiteTeam "Karaman Akademi"]
[BlackTeam "Dobruca"]
[WhiteTeamCountry "TUR"]
[BlackTeamCountry "TUR"]

1. e4 c5 2. Nc3 Nc6 3. g3 g6 4. Bg2 Bg7 5. d3 d6 6. Be3 Nf6 7. h3 a6 8. Qd2 0-0 9. a4 Qc7 10. Nge2 Rb8 11. f4 Rd8 12. g4 b5 13. axb5 axb5 14. g5 Ne8 15. h4 e6 16. h5 Nd4 17. hxg6 fxg6 18. Nd1 Bb7 19. Nxd4 cxd4 20. Bf2 Rdc8 21. Rc1 Qf7 22. Bg3 Ra8 23. Bh3 Ra7 24. Qh2 Rca8 25. Bg4 Ra1 26. Rxa1 Rxa1 27. Qxh7+ Kf8 28. Rf1 Bc8 29. Qh2 Qc7 30. f5 exf5 31. exf5 Qe7+ 32. Qe2 Qxg5 33. fxg6+ Bf6 34. Bxc8 Qxg3+ 35. Qf2 Qe5+ 36. Qe2 Qg3+ 37. Rf2 Qg1+ 38. Qf1 1/2-1/2